000
00297nam a22001337a 4500
008
170922b xxu||||| |||| 00| 0 eng d
020
_a
9780205273041
041
_a
eng
080
_2
11TH
_a
37
100
_a
46
101
_a
EDU
245
_a
THE SPEECHMAKING PROCESS
_c
ROSS,R.S
942
_2
udc
_c
BK
999
_c
29264
_d
29264